Psychiatry / 6 Drug dependence and alcoholism, forensic psychiatry, military psychiatry
| Format: | Print Book |
|---|---|
| Language: | English |
| Published: |
New York [u.a.]
Plenum Press
1985
|
| In: |
Psychiatry the state of the art; [proceedings of the 7. World Congress of Psychiatry, held July 11 - 16, 1983, in Vienna, Austria]
Year: 1985 |
| Online Access: |
Cover |
| Availability in Tübingen: | Present in Tübingen. UB: KB 17 A 743-6 |
| Check availability: | HBZ Gateway |
| Subito Delivery Service: | Order now. |
MARC
| LEADER | 00000cam a2200000 cc4500 | ||
|---|---|---|---|
| 001 | 1090870264 | ||
| 003 | DE-627 | ||
| 005 | 20251224220341.0 | ||
| 007 | tu | ||
| 008 | 900703s1985 xx ||||| 00| ||eng c | ||
| 010 | |a 85006420 | ||
| 020 | |a 0306416069 |9 0-306-41606-9 | ||
| 035 | |a (DE-627)1090870264 | ||
| 035 | |a (DE-576)020870264 | ||
| 035 | |a (DE-599)BSZ020870264 | ||
| 035 | |a (OCoLC)311278281 | ||
| 040 | |a DE-627 |b ger |c DE-627 |e rakwb | ||
| 041 | |a eng | ||
| 082 | 0 | |a 616.89 | |
| 245 | 0 | 0 | |a Psychiatry |n 6 |p Drug dependence and alcoholism, forensic psychiatry, military psychiatry |c ed. by P. Pichot ... |
| 264 | 1 | |a New York [u.a.] |b Plenum Press |c 1985 | |
| 300 | |a VIII, 594 S. | ||
| 336 | |a Text |b txt |2 rdacontent | ||
| 337 | |a ohne Hilfsmittel zu benutzen |b n |2 rdamedia | ||
| 338 | |a Band |b nc |2 rdacarrier | ||
| 773 | 1 | 8 | |a Psychiatry the state of the art; [proceedings of the 7. World Congress of Psychiatry, held July 11 - 16, 1983, in Vienna, Austria] |w (DE-627)1090869576 |w (DE-576)020869576 |g 6 |q 6 |7 nnam |
| 856 | 4 | 2 | |u https://swbplus.bsz-bw.de/bsz020870264cov.jpg |m V:DE-576 |m X:springer |q image/jpeg |v 20150429162946 |3 Cover |7 1 |
| 951 | |a MV | ||
| ELC | |b 1 | ||
| LOK | |0 000 xxxxxcx a22 zn 4500 | ||
| LOK | |0 001 2146906340 | ||
| LOK | |0 003 DE-627 | ||
| LOK | |0 004 1090870264 | ||
| LOK | |0 005 19900703000000 | ||
| LOK | |0 008 900703||||||||||||||||ger||||||| | ||
| LOK | |0 040 |a DE-21 |c DE-627 |d DE-21 | ||
| LOK | |0 852 |a DE-21 | ||
| LOK | |0 852 1 |c KB 17 A 743-6 |9 00 | ||
| LOK | |0 935 |a krim | ||
| LOK | |0 936ln |a k1 | ||
| LOK | |0 939 |a 03-07-90 |b l01 | ||
| ORI | |a SA-MARC-krimdoka001.raw | ||
| SIG | |a UB: KB 17 A 743-6 | ||
